000 02222nam0a2200349 4500
001 RU\NLR\bibl\988506
005 20260409075954.0
010 _a5-89160-049-8
_9250
021 _aRU
_b2006-49589
_92454
035 _a(NLR Aleph) 000976350
090 _a431116
_c431116
100 _a20060928d2006 |||y0rusy50 ca
101 0 _arus
102 _aRU
105 _aa |||||||||
200 1 _aIX международная научно-методическая конференция вузов и факультетов телекоммуникаций, 21 июня 2006 г. С.-Петербург
_eсборник докладов
210 _aМосква
_cСанкт-Петербург
_cСанкт-Петербургский государственный университет телекоммуникаций
_d2006
215 _a309, [1] с.
_cил.
_d22
300 _aВ надзаг.: Федер. агентство по образованию, Федер. агентство связи, Учеб.-метод. об-ние высш. учеб. заведений РФ по образованию в обл. телекоммуникаций, С.-Петрб. гос. ун-т телекоммуникаций им. проф. М.А. Бонч-Бруевича
320 _aБиблиогр. в конце ст.
606 0 _aТележурналисты
_jСъезды, совещания и т.п.
_xПодготовка
_92351106
_3RU\NLR\auth\661404619
606 0 _aРадиожурналисты
_jСъезды, совещания и т.п.
_xПодготовка
_92351108
_3RU\NLR\auth\661404620
606 _aОбразование
_xИнформационные технологии
_jСъезды, совещания и т.п.
_3RU\NLR\auth\661575610
_92103593
686 _aЧ489.52я431
686 _aЧ312.31я431
710 1 2 _4070
_aМеждународная научно-методическая конференция вузов и факультетов телекоммуникаций
_d9
_f2006
_eСанкт-Петербург
_3RU\NLR\AUTH\8810087015
_9675710
801 0 _aRU
_bNLR
_c20060928
_grcr
801 1 _aRU
_bNLR
_c20060928
942 _cBOOK
980 _aNB